00288 a2200109 4500001000700000020000600007040001100013100002200024240006400046245005900110362000900169165343 a  cMagnum aBrunel University10aStudy uk 2000: pre-degree and higher education editionlING10aStudy uk 2000: pre-degree and higher education edition0 a1899